Formula 1 Starters 2000-present - Statistics

General Stats
  • This quiz has been taken 184 times
    159 since last reset
  • The average score is 72 of 118
Answer Stats
Year(s) Driver Starts Wins Title(s) Team(s) Country % Correct
2001→ Fernando Alonso 317 32 2 MIN-REN-MCL-REN-FER-MCL... ESP
99%
2001→ Kimi Räikkönen 335 21 1 SAU-MCL-FER-LOT-FER-ALF FIN
99%
1991-2012 Michael Schumacher 307 91 7 JOR-BEN-FER-MER DE
99%
2021→ Mick Schumacher 5 0 0 HAAS DE
99%
1997-2007 Ralf Schumacher 180 7 0 JOR-WIL-TOY DE
99%
2007→ Lewis Hamilton 271 98 7 MCL-MER GB
98%
2007→ Sebastian Vettel 262 53 4 BMW-TR-RB-FER-AST DE
98%
2000-2017 Jenson Button 306 15 2 WIL-BEN-REN-BAR-HON-BRA... GB
97%
2011→ Daniel Ricciardo 193 7 0 HRT-TR-RB-REN-MCL AUS
96%
2001-2017 Felipe Massa 269 11 0 SAU-FER-WIL BRA
96%
2006-2016 Nico Rosberg 206 23 1 WIL,MER DE
96%
2011→ Sergio Pérez 196 1 0 SAU-MCL-FI/RP-RB MEX
96%
2010-(2020) Nico Hülkenberg 179 0 0 WIL-FI-SAU-FI-REN-RP DE
95%
2014→ Valtteri Bottas 161 9 0 WIL-MER FIN
94%
1994-2003 Jos Verstappen 107 0 0 BEN-SIM-ARR-TYR-STE-ARR... NET
93%
2014-2020 Kevin Magnussen 119 0 0 MCL-REN-HAAS DEN
93%
2002-2013 Mark Webber 215 9 0 MIN-JAG-WIL-RB AUS
93%
2015→ Max Verstappen 124 12 0 TR-RB NET
93%
2015→ Carlos Sainz jr 123 0 0 TR-REN-MCL-FER ESP
91%
2009-2020 Romain Grosjean 179 0 0 REN-LOT-HAAS FRA
91%
2018→ Charles Leclerc 64 2 0 SAU-FER MON
90%
2016→ Esteban Ocon 72 0 0 MAN-FI-REN FRA
90%
1996-2006 Jaques Villeneuve 163 11 1 WIL-BAR-REN-SAU-BMW CAN
90%
2017→ Lance Stroll 83 0 0 WIL-RP/AST CAN
90%
2006-2019 Robert Kubica 97 1 0 BMW-REN-WIL POL
90%
1993-2011 Rubens Barrichello 323 11 0 JOR-STE-FER-HON-BRA-WIL BAR
90%
1994-2008 David Coulthard 246 13 0 WIL-MCL-RB GB
89%
2019→ George Russell 43 0 0 WIL-MER-WIL GB
89%
1991-2003 Mika Häkkinen 161 20 2 LOT-MCL FIN
89%
2017→ Pierre Gasly 69 1 0 TR-RB-TR/AT FRA
89%
2014-2020 Daniil Kvyat 110 0 0 TR-RB-TR/AT RUS
88%
2019→ Lando Norris 43 0 0 MCL GB
88%
2021→ Nikita Mazepin 5 0 0 HAAS RUS
85%
1996-2009 Giancarlo Fisichella 229 3 0 MIN-JOR-BEN-JOR-SAU-REN... ITA
83%
2019-2020 Alexander Albon 38 0 0 TR-RB THA
82%
2017→ Antonio Giovinazzi 45 0 0 SAU/ALF ITA
82%
2020→ Nicholas Latifi 22 0 0 WIL CAN
82%
2011-2015 Pastor Maldonado 95 1 0 WIL-LOT VEN
82%
1997-2011 Jarno Trulli 252 1 0 MIN-PRO-JOR-REN-TOY-LOT ITA
81%
2001-2006 Juan Pablo Montoya 94 7 0 WIL-MCL COL
80%
2014-2018 Marcus Ericsson 97 0 0 CAT-SAU SWE
79%
2021→ Yuki Tsunoda 5 0 0 AT JAP
79%
2007-2013 Heikki Kovalainen 111 1 0 REN-MCL-LOT-CAT-LOT FIN
77%
2020 Pietro Fittipaldi 2 0 0 HAAS BRA
75%
2016-2018 Stoffel Vandoorne 41 0 0 MCL BEL
74%
2009-2014 Kamui Kobayashi 75 0 0 TOY-SAU-CAT JAP
73%
2017-2018 Brendon Hartley 25 0 0 TR NZ
71%
2000-2011 Nick Heidfeld 183 0 0 PRO-SAU-JOR-WIL-BMW-SAU... DE
70%
2020 Jack Aitken 1 0 0 WIL GB
69%
1999-2012 Pedro de la Rosa 105 0 0 ARR-JAG-MCL-SAU-HRT ESP
69%
2002-2008 Takuma Satō 90 0 0 JOR-BAR-SUP JAP
69%
2013-2016 Esteban Gutiérrez 59 0 0 SAU-HAAS MEX
68%
2007-2014 Adrian Sutil 128 0 0 SPY-FI-SAU DE
67%
2018 Sergei Sirotkin 21 0 0 WIL RUS
67%
2013-2014 Jules Bianchi 34 0 0 MAR FRA
66%
2010-2012 Bruno Senna 46 0 0 HRT-REN-WIL BRA
65%
1993-2002 Eddie Irvine 146 4 0 JOR-FER-JAG GB
63%
1994-2003 Heinz-Harald Frentzen 157 3 0 SAU-WIL-JOR-PRO-ARO-SAU DE
63%
1994-2002 Mika Salo 110 0 0 LOT-TYR-ARR-BAR-FER-SAU... FIN
63%
2004-2012 Timo Glock 112 5 0 JOR-TOY-VIR-MAR DE
63%
1989-2001 Jean Alesi 201 1 0 TYR-FER-BEN-SAU-PRO-JOR FRA
62%
2015-2016 Felipe Nasr 39 0 0 SAU BRA
58%
2008-2009 Nelson Piquet Jr. 28 0 0 REN BRA
58%
2016-2017 Jolyon Palmer 35 0 0 REN GB
57%
2011-2017 Paul di Resta 59 0 0 FI,WIL GB
57%
1997-2007 Alexander Wurz 69 0 0 BEN-MCL-WIL AUT
56%
2016-2017 Pascal Wehrlein 39 0 0 MAN-SAU DE
56%
2009-2011 Sébastien Buemi 55 0 0 TR SUI
55%
1994-2004 Olivier Panis 158 1 0 LIG-PRO-BAR-TOY FRA
53%
2012-2014 Jean-Éric Vergne 58 0 0 TR FRA
51%
2005-2011 Viantonio Liuzzi 80 0 0 RB-TR-FI-HRT ITA
50%
2012-2013 Charles Pic 39 0 0 MAR-CAT FRA
48%
1989-2000 Johnny Herbert 161 3 0 BEN-TYR-LOT-LIG-BEN-SAU... GB
47%
2010-2011 Karun Chandhok 11 0 0 HRT-LOT IND
47%
2005-2012 Narain Karthikeyan 46 0 0 JOR-HRT IND
47%
2016 Rio Haryanto 12 0 0 MAN INDO
47%
2004-2010 Christian Klien 49 0 0 JAG-RB-HRT AUS
46%
2007-2009 Kazuki Nakajima 36 0 0 WIL JAP
46%
2013-2014 Max Chilton 35 0 0 MAR GB
46%
2015 Alexander Rossi 1 0 0 MAR USA
45%
2008-2009 Sébastien Bourdais 27 0 0 TR FRA
45%
2013 Giedo van der Garde 19 0 0 CAT NET
44%
2009-2011 Jaime Alguersuari 46 0 0 TR ESP
44%
2006-2007 Scott Speed 28 0 0 TR USA
43%
2014 André Lotterer 1 0 0 CAT DE
41%
2006-2010 Sakon Yamamoto 21 0 0 SUP-SPY-HRT JAP
40%
2011-2012 Jérôme D’Ambrosio 20 0 0 VIR-LOT BEL
39%
2005-2006 Tiago Monteiro 37 0 0 JOR-MID POR
39%
2014-2015 Will Stevens 18 0 0 CAT-MAR GB
39%
1993-2009 Luca Badoer 51 0 0 FER-MIN-FOR-MIN-FER ITA
38%
2003-2004 Zsolt Baumgartner 20 0 0 JOR,MIN HUN
37%
2010 Lucas di Grassi 18 0 0 VIR BRA
35%
2015 Roberto Merhi 13 0 0 MAR ESP
35%
2002-2008 Anthony Davidson 24 0 0 MIN-BAR-SUP GB
33%
2005-2007 Christijan Albers 46 0 0 MIN-MID-SPY NET
33%
2001-2002 Alex Yoong 14 0 0 MIN MAL
32%
2006 Yūji Ide 4 0 0 SUP JAP
32%
1999-2004 Marc Gené 36 0 0 MIN-WIL ESP
30%
2007 Markus Winkelhock 1 0 0 SPY DE
30%
2001 Tomáš Enge 3 0 0 PRO CZE
30%
2006 Franck Montagny 7 0 0 SUP FRA
26%
1999-2004 Ricardo Zonta 36 0 0 BAR-JOR-TOY BRA
26%
2005-2006 Robert Doornbos 11 0 0 MIN-RB NET
26%
2002 Allan McNish 16 0 0 TOY GB
25%
2003-2004 Cristiano da Matta 28 0 0 TOY BRA
25%
2003-2005 Antonio Pizzonia 20 0 0 JAG-WIL BRA
24%
2003 Justin Wilson 16 0 0 MIN-JAG GB
24%
2000-2001 Gastón Mazzacane 21 0 0 MIN-PRO ARG
21%
2000-2002 Luciano Burti 15 0 0 JAG-PRO BRA
21%
2010-2012 Witali Petrow 57 0 0 REN,CAT RUS
21%
2004 Giorgio Pantano 14 0 0 JOR ITA
20%
2005 Patrick Friesacher 11 0 0 MIN AUS
20%
2001-2002 Enrique Bernoldi 28 0 0 ARR BRA
19%
2004 Gianmaria Bruni 18 0 0 MIN ITA
19%
2003 Nicolas Kiesa 5 0 0 MIN DEN
18%
2003 Ralph FIrman 14 0 0 JOR IRE
18%
1996-2001 Tarso Marques 24 0 0 MIN BRA
18%
1995-2001 Pedro Deniz 98 0 0 FOR-LIG-ARR-SAU BRA
6%
No matching quizzes found
Score Distribution
Percent of People with Each Score
Percentile by Number Answered
Your Score History
You have not taken this quiz since the last reset